Представление документа в формате RUSMARC

ПолеНазваниеЗначение
  Тип записи a
  Библиографический уровень m
001 Контрольный номер RU/REG73/CBS_GRAD/4af703c9d3c649fa85cecbf5ed2b1005
005 Дата корректировки 20230712092324.2
010 Индекс ISBN __
a ISBN 978-5-17-153136-2
100 Данные общей обработки __
a Данные общей обработки 20230712d 0rusy0189## ca
101 Язык документа 0_
a Язык текста rus
102 Страна публикации __
a Страна публикации RU
200 Заглавие и сведения об ответственности 1_
a Заглавие Весёлая азбука
f Первые сведения об ответственности Самуил Яковлевич Маршак ; художники С. Бордюг, Н. Трепенок и другие
210 Выходные данные 1_
a Место издания Москва
c Издательство АСТ
d Дата издания 2022
215 Физическое описание __
a Объем 96с.: ил.
225 Серия 2_
a Серия Детское чтение
686 Индексы других классификаций __
a Классификационный индекс 84 (2 Рос=Рус)6
700 Автор _1
a Фамилия Маршак
g Полное личное имя Самуил Яковлевич
801 Источник записи _0
a Страна RU
b Организация RuCBSGrad
c Дата составления 20230712
g Правила каталогизации RCR
801 Источник записи _1
a Страна RU
b Организация RuCBSGrad
c Дата составления 20230712
g Правила каталогизации RCR
852 Данные о местонахождении __
i Авторский знак М 30
901 Тип документа __
t Тип документа m